Dodatočné daňové priznanie k dani z motorových vozidiel

Daňovník, ktorý zistí pochybenie v podanom daňovom priznaní k dani z motorových vozidiel, pri podaní dodatočného priznania, postupuje podľa zákona č.563/2009 Z.z. o správe daní, a to v súlade s §13 zákona č.361/2013 Z.z. o dani z motorových vozidiel, a podáva ho na tlačive, ktorého vzor bol ustanove...

Description complète

Enregistré dans:
Détails bibliographiques
Auteur principal: Fülöpová, Jana
Format: Chapitre de livre
Langue:slovaque
Sujets:
Tags: Ajouter un tag
Pas de tags, Soyez le premier à ajouter un tag!

MARC

LEADER 00000naa a2200000 4500
001 0268860
005 20201001110859.9
041 0 |a slo 
044 |a SK 
245 1 0 |a Dodatočné daňové priznanie k dani z motorových vozidiel  |c Jana Fülöpová 
520 |a Daňovník, ktorý zistí pochybenie v podanom daňovom priznaní k dani z motorových vozidiel, pri podaní dodatočného priznania, postupuje podľa zákona č.563/2009 Z.z. o správe daní, a to v súlade s §13 zákona č.361/2013 Z.z. o dani z motorových vozidiel, a podáva ho na tlačive, ktorého vzor bol ustanovený Opatrením MF SR č.MF/21694/2014-725, zo dňa 12.11.2014. 
610 2 0 |a vozidlá motorové 
610 2 0 |a dane 
610 2 0 |a priznania daňové 
610 2 0 |a opravy 
610 2 0 |a zákony 
610 2 0 |a opatrenia 
100 1 |a Fülöpová, Jana